Statistiken für Länder mit nur einer Grenze - Extrem

Klicken Sie hier um das Quiz zu spielen!

Allgemein

  • Dieses Quiz wurde 645 mal gespielt
  • Das Durchschnittsergebnis liegt bei 26 aus 34

Antwortstatistiken

Länder % Korrekt
Kanada
89%
Südkorea
87%
Vatikanstadt
87%
Irland
86%
San Marino
86%
Lesotho
85%
Indonesien
84%
Portugal
83%
Südafrika
83%
Italien
82%
Vereinigte Staaten
82%
Vereinigtes Königreich
82%
Nordkorea
81%
Papuaneuguinea
77%
Dänemark
77%
Spanien
77%
Haiti
76%
Dominikanische Republik
76%
Osttimor
73%
Malaysia
73%
Monaco
72%
Brunei
72%
Deutschland
71%
Frankreich
67%
Katar
63%
Gambia
60%
Saudi-Arabien
58%
Senegal
57%

Verteilung der Resultate

Perzentil nach korrekt beantworteten Fragen

Anzahl Personen mit jedem Resultat

Ihre Resultats-Entwicklung

Sie haben dieses Quiz noch nicht gespielt